UBT Library

The rise of the Greeks / (Record no. 40289)

000 -LEADER
fixed length control field 00564pam a2200229 a 4500
001 - CONTROL NUMBER
control field 2423581
005 - DATE AND TIME OF LATEST TRANSACTION
control field 20180115074905.0
008 - FIXED-LENGTH DATA ELEMENTS--GENERAL INFORMATION
fixed length control field 871201r1988 nyuaf b 001 0 eng
010 ## - LIBRARY OF CONGRESS CONTROL NUMBER
LC control number 87034741
020 ## - INTERNATIONAL STANDARD BOOK NUMBER
International Standard Book Number 0684185369
040 ## - CATALOGING SOURCE
Original cataloging agency DLC
Transcribing agency DLC
Modifying agency DLC
041 ## - LANGUAGE CODE
Language code of text/sound track or separate title eng
043 ## - GEOGRAPHIC AREA CODE
Geographic area code e-gr---
080 ## - UNIVERSAL DECIMAL CLASSIFICATION NUMBER
Universal Decimal Classification number 938.02 GRA
082 00 - DEWEY DECIMAL CLASSIFICATION NUMBER
Classification number 938.02 GRA
Edition number 19
100 1# - Rafti
Rafti 45
101 ## - Shkurtesa
Shkurtesa ARK
245 14 - TITLE STATEMENT
Title The rise of the Greeks /
Statement of responsibility, etc Michael Grant.
504 ## - BIBLIOGRAPHY, ETC. NOTE
Bibliography, etc Bibliography: p. 361-370.
906 ## - LOCAL DATA ELEMENT F, LDF (RLIN)
a 7
b cbc
c orignew
d 1
e ocip
f 19
g y-gencatlg
942 ## - ADDED ENTRY ELEMENTS (KOHA)
Source of classification or shelving scheme
Item type Books
Holdings
Withdrawn status Lost status Source of classification or shelving scheme Damaged status Not for loan Collection code Permanent location Current location Shelving location Date acquired Total Checkouts Full call number Barcode Date last seen Price effective from Koha item type
          Koleksioni i përgjithshem UBT - Lipjan UBT - Lipjan Koleksioni i përgjithshem 01/15/2018   938.02 GRA 002-2995535 01/15/2018 01/15/2018 Books
UBT Library © 2015-2024. All rights reserved University Education for Business and Technology